000 00266nam a22001217a 4500
003 SGT
082 _a370
_bNIS
100 _aNISHA, MAIMUN
245 _aINTRODUCTION TO CHILD DEVELOPMENT
260 _aDELHI
_bISHA BOOKS
_c2006
300 _a246
942 _2ddc
_cBK
_01
999 _c18976
_d18976